| 000 | 01433cam a22004334i 4500 | ||
|---|---|---|---|
| 003 | PE-LiUPU | ||
| 005 | 20250731173237.0 | ||
| 008 | 150625s r 000 0 eng d | ||
| 035 | _a(Sirsi) a35108 | ||
| 040 |
_aPE-LiUPU _bspa _cPE-LiUPU _erda |
||
| 049 | _aPRUA | ||
| 082 | 0 | 4 |
_a230.67 _bD97 _221 |
| 100 | 1 |
_aDunton, Hugh I., _eautor. |
|
| 245 | 1 | 0 |
_aAdventist Missions Facing The 21ST Century / _cHugh I. Dunton. |
| 264 | 1 |
_aFrankfurt am Main ; _aBern ; _aNew York ; _aParis : _bP. Lang, _c1990. |
|
| 300 |
_axii, m 232 páginas ; _c21 centímetros. |
||
| 336 |
_atext _2rdacontent |
||
| 337 |
_aunmediated _2rdamedia |
||
| 338 |
_avolume _2rdacarrier |
||
| 504 | _aIncluye referencias bibliográficas. | ||
| 526 | _aSEG42 | ||
| 526 | _aSEG41 | ||
| 526 | _aSEG40 | ||
| 526 | _aSEG39 | ||
| 526 | _aP94 | ||
| 526 | _aP87 | ||
| 526 | _aP86 | ||
| 526 | _aP85 | ||
| 526 | _aP77 | ||
| 526 | _aP76 | ||
| 526 | _aP35 | ||
| 650 | 1 | 4 |
_aAdventistas del Séptimo Día _xMisiones _vCongresos. |
| 910 | _a | ||
| 942 |
_2ddc _cBOOK |
||
| 949 |
_a230.67 D97 _wDEWEY _c1 _i38038 _lCCODEBUL1 _mBUL _p00.00 _r0 _sY _tBOOK _u2015-06-25 _xBIBLIOTECA _zUNKNOWN _0COMPRA _o.STAFF. Colección General |
||
| 596 | _a1 | ||
| 999 |
_a230.67 D97 _wDEWEY _c43039 _i38038 _d43039 _f2021-11-9 _g5 _lCCODEBUL1 _mBUL _q1 _r0 _sY _tBOOK _u2015-6-25 _xTEOLOGIA _zUNKNOWN _0COMPRA _o.STAFF. Colección General |
||
| 980 |
_81 _gALBERTO SANCHEZ Responsable de Automatización |
||